| 000 | 00658nam a2200241 a 4500 | ||
|---|---|---|---|
| 001 | BRCA_8180 | ||
| 005 | 20190320210150.0 | ||
| 008 | 080514s1960----gw-ad##f##---#001-0#ger-# | ||
| 041 | _ager | ||
| 044 | _agw | ||
| 050 | 4 |
_aHC286.5 _b.H74 _c1960 |
|
| 100 | 1 |
_aErhard, Ludwig _920130 |
|
| 245 | 1 | 0 |
_aWohlstand für alle _cLudwig Erhard ; bearbeitet von Wolfram Langer. |
| 250 | _a7 | ||
| 260 |
_aDusseldorf _bEcon _c1960 |
||
| 300 |
_a382 p. _bil., tablas _c21 cm. |
||
| 500 | _aX84 | ||
| 650 | 1 | 4 |
_aEconomía _zAlemania _914494 |
| 650 | 1 | 4 |
_aPolíticas sociales _zAlemania _920385 |
| 700 | 1 |
_aLanger, Wolfram _eed. _920386 |
|
| 902 | _aGFM | ||
| 942 |
_2lcc _cB |
||
| 999 |
_c7848 _d7848 |
||